Prc̀tica de Auditora̕ automatizada

Detalles Bibliográficos
Autor principal: Carpy Morales, Carlos A.
Formato: eBook
Lenguaje:español
Publicado: Mx̌ico D.F. : Instituto Mexicano de Contadores Pb︢licos, 2012
Materias:
Acceso en línea:http://www.vlex.com/source/7129

MARC

LEADER 00000nam a22000007a 4500
005 20130225180350.0
007 cr|||| ||||
008 130225e2012 mx |||||s|||| 00||0 spa d
020 |a 978-607-762-121-8 
035 |a 7129 
040 |a vLex 
090 |c 3757  |d 3757 
100 1 0 |a Carpy Morales, Carlos A. 
245 1 0 |a Prc̀tica de Auditora̕ automatizada  |h [Recurso electrn̤ico] 
256 |a Servicio en ln̕ea 
260 |a Mx̌ico D.F. :  |b Instituto Mexicano de Contadores Pb︢licos,   |c 2012 
300 |a 1 Recurso electrn̤ico 
650 0 4 |a Empresa  |z Mx̌ico 
650 0 4 |a Auditora̕s financieras  |z Mx̌ico 
650 0 4 |a Administracin̤ (Management)  |z Mx̌ico 
740 |a vLex Libros (Servicio en ln̕ea) 
856 |a Acceso restringido  |u http://www.vlex.com/source/7129 
942 |c BOOK 
999 0 |a Finance